| 000 | 00678nam a22002297a 4500 | ||
|---|---|---|---|
| 008 | 130826b xxu||||| |||| 00| 0 eng d | ||
| 024 | _cAvailable | ||
| 037 | _cAvailable | ||
| 040 |
_aMBSTU LIBRARY _dMBSTU LIBRARY |
||
| 082 |
_222 _a410 CAM |
||
| 110 | _aExaminations Cambridge Publishing. | ||
| 245 | _aCambridge IELTS 2 (with cassetles) | ||
| 260 |
_aUK _bCambridge Unirerstiy Press. _c2002 |
||
| 300 |
_a30 cm _b172 page _f1 _g30 cm. |
||
| 600 | _2Standard english | ||
| 650 | _2Standard english | ||
| 710 | _aExaminations Cambridge Publishing. | ||
| 270 |
_aU.K _bU.K _dU.K |
||
| 365 |
_b3030.00 _d3030.00 |
||
| 942 |
_2ddc _cBK |
||
| 999 |
_c624 _d624 |
||